000 00865nam a2200181 i 4500
001 159650
003 ES-MaACL
005 20230906211715.0
008 030311s1886 sp |||| | spa d
040 _aCCPB | B
_bspa
_cCCPB | B
245 0 0 _aMildew, antracnosis, hielos tardios : instrucciones prácticas para combatir estos tres enemigos de la vid /
_cpublicados por la Crónica de vinos y cereales.
260 _aMadrid :
_b[s.n.],
_c1886 (
_fimp. y estereotipia de "El liberal")
300 _a42 p. ;
_c16 cm.
530 _aDisponible en formato digital.
650 4 _aVid-
_xPlagas y enfermedades.
_9149157
852 _aES-MaACL
_jT-478-F-12
_z-- Enc. hol.
_z-- Anot. ms. en port. que señala como autor a Cecilio S. de Zaitigui
_z-- Enc. en un vol. facticio
856 _uhttp://bdh-rd.bne.es/viewer.vm?id=0000116752&page=1
_zBiblioteca Digital Hispánica
999 _c159650
_d159650